| 000 | 00701nam a2200229 i 4500 | ||
|---|---|---|---|
| 001 | 16296 | ||
| 003 | ES-MaACL | ||
| 005 | 20230906151302.0 | ||
| 007 | t| | ||
| 008 | 000825s1997 sp ||||1| spa d | ||
| 020 | _a84-7030-437-2 | ||
| 080 | _a338.12 | ||
| 100 | 1 |
_aFontela, Emilio. _951638 |
|
| 245 | 1 | 4 |
_aLos ciclos económicos en la economía moderna / _cEmilio Fontela Montes. |
| 260 |
_aMadrid : _bBibliteca Nueva, _c[1997] |
||
| 300 |
_a58 p. ; _c18 cm. |
||
| 490 | 1 |
_aGrandes cuestiones de la economía ; _v1 |
|
| 650 | 1 | 4 |
_aCiclos económicos. _910923 |
| 830 | 0 |
_aGrandes cuestiones de la economía ; _v1 _9228640 |
|
| 852 |
_aES-MaACL _jL-23552 _bR.128916 |
||
| 999 |
_c16296 _d16296 |
||